• 首页
  • 本馆介绍
  • 公告通知
  • 最新文献
  • 馆藏检索
  • 电子资源
  • 读者导购
  • 参考咨询
  • 我的图书馆
  • 登录
  • 详细信息显示
  • 放入我的书架
  • 预约/预借图书
  • 作者相关作品
  • 分类相关作品
  • 丛书相关作品
  • 出版社相关作品

书目信息

  • 表格格式
  • 工作单格式
  • 卡片格式
题名:
写作基础知识
    
 
作者: ;北京师范大学中文系《写作基础知识》编写组 编
分册:  
出版信息: 北京   北京出版社  1979.11
页数: 300页
开本: 19cm
丛书名:
单 册:
中图分类: H052
科图分类:
主题词: 写作学 , 修辞学
电子资源:
ISBN:
000 00803nam0 2200241 45
001 0179001177
005 20070731093743.26
010    @dCNY0.67
091    @a7071.634
100    @a19950717d1979 em y0chiy0121 ea
101 0  @achi
102    @aCN@b110000
105    @ay z 000yy
200 10 @a写作基础知识@Axie zuo ji chu zhi shi@f北京师范大学中文系《写作基础知识》编写组编@Fbei jing shi fan da xue zhong wen xi《xie zuo ji chu zhi shi》bian xie zu bian
210    @a北京@c北京出版社@d1979.11
215    @a300页@d19cm
300    @a高等学校文科教材
606 0  @a写作学
606 0  @a修辞学
690    @aH052@v3
711  0 @a北京师范大学中文系《写作基础知识》编写组@Abei jing shi fan da xue zhong wen xi《xie zuo ji chu zhi shi》bian xie zu@4编
801  0 @aCN@bNLC@c20070731
905    @dH052@e13
    
    写作基础知识/北京师范大学中文系《写作基础知识》编写组编.-北京:北京出版社,1979.11
    300页;19cm
    高等学校文科教材
    
    ISBN :CNY0.67
    
●
相关链接 在E读中查询图书 在五车中查询图书 在当当中查询图书 在豆瓣中查询图书


正题名:写作基础知识     索取号:H052/13         预约/预借

序号 登录号 条形码 馆藏地/架位号 状态 备注
1 0021007   000821515   第四借阅区/ [索取号:H052/13] 在馆    
2 0021009   000821524   第四借阅区/ [索取号:H052/13] 在馆    
3 0021011   202193410   密集书库/ [索取号:H052/13] 在馆    
4 0022913   000790255   第四借阅区/ [索取号:H052/13] 在馆    
5 0022914   202193456   密集书库/ [索取号:H052/13] 在馆    
6 0022917   202193376   密集书库/ [索取号:H052/13] 在馆    
7 0022921   001921745   密集书库/ [索取号:H052/13] 在馆    
8 0022922   001662873   密集书库/ [索取号:H052/13] 在馆    
9 0022925   000821490   第四借阅区/ [索取号:H052/13] 在馆    
10 0022926   001662917   密集书库/ [索取号:H052/13] 在馆    
11 0022927   000821481   第四借阅区/ [索取号:H052/13] 在馆    
12 0022928   000821506   第四借阅区/ [索取号:H052/13] 在馆    
13 0022929   001662837   密集书库/ [索取号:H052/13] 在馆    
14 0022931   202193866   密集书库/ [索取号:H052/13] 在馆    
15 0022932   001662793   密集书库/ [索取号:H052/13] 在馆    
16 0048366   000821463   第四借阅区/ [索取号:H052/13] 在馆    
17 0048368   000821472   第四借阅区/ [索取号:H052/13] 在馆    
18 0077157   000821445   第四借阅区/ [索取号:H052/13] 在馆    
19 0077158   202281841   密集书库/ [索取号:H052/13] 在馆    
20 0077159   000821427   第四借阅区/ [索取号:H052/13] 在馆    
21 0077160   000821454   第四借阅区/ [索取号:H052/13] 在馆    
22 0077161   000821436   第二样本阅览室/ [索取号:H052/13] 在馆    
23 0177124   202281921   密集书库/ [索取号:H052/13] 在馆    
24 0434897   204348973   密集书库/ [索取号:H052/13] 在馆    
25 0434898   204348982   密集书库/ [索取号:H052/13] 在馆    
26 0435510   204355107   密集书库/ [索取号:H052/13] 在馆    
27 0435511   204355116   密集书库/ [索取号:H052/13] 在馆    
28 0435512   204355125   密集书库/ [索取号:H052/13] 在馆    
29 0436452   204364525   密集书库/ [索取号:H052/13] 在馆    
30 0462747   204627476   密集书库/ [索取号:H052/13] 在馆    
31 0466858   204668582   密集书库/ [索取号:H052/13] 在馆    
32 0767519   207675194   密集书库/ [索取号:H052/13] 在馆    
33 0769823   207698231   密集书库/ [索取号:H052/13] 在馆    
34 0786842   207868422   密集书库/ [索取号:H052/13] 在馆    
唐山师范学院图书馆 欢迎您!
大连网信软件有限公司© 版权所有